000 01437cam a2200313 i 4500
003 SA-RiAUC
005 20241208085320.0
008 241205s2006 su g 00010dara c
020 _a9960880907
040 _aSA-JeALM
_bara
_cSA-RiAUC
_erda
043 _aa-su---
082 0 4 _a953.105
092 _a953,105
_bق ح ط
100 1 _aالقحطاني، منى بنت قائد آل ثابتة
_eمؤلف.
245 1 2 _aالتنظيمات الداخلية في مكة المكرمة بعد دخول الملك عبد العزيز آل سعود 1343-1351 هـ. / 1924-1932 م. /
_cمنى بنت قائد آل ثابتة القحطاني.
264 1 _aالرياض :
_bدارة الملك عبد العزيز،
_c2006
300 _a686 صفحة ؛
_c24 سم.
336 _aنص
_btxt
_2rdacontent
_3كتاب
337 _aبدون وسيط
_bn
_2rdamedia
338 _aمجلد
_bnc
_2rdacarrier
440 0 _aإصدارات دارة الملك عبد العزيز
_v191
490 _aسلسلة الرسائل الجامعية
_622
535 2 _a5.
610 1 7 _aالسعودية.
_bالملك (1319-1373 هـ. : عبد العزيز بن عبد الرحمن)
_2aucnm
651 7 _aمكة المكرمة
_xتاريخ
_yقرن 14 هجري
_2aucsh
651 7 _aالسعودية
_xتاريخ
_yعبد العزيز بن عبد الرحمن، 1319-1373 هجري.
_2aucsh
942 _2ddc
_cBOOK
_n0
949 _aSA-JeALM
_d241205
_uosman123
_n1
999 _c3108
_d3108